000 00289nam a22001337a 4500
008 190225b xxu||||| |||| 00| 0 eng d
020 _a9780673466365
041 _aeng
080 _26th
_a510
100 _a36
101 _aMAT
245 _aIntermediate Algebra
_cLial
942 _2udc
_cBK
999 _c54226
_d54226